| 000 | 01172cab a2200325 4500 | ||
|---|---|---|---|
| 001 | ABS51611 | ||
| 008 | 090401t1994 xxu||||| |||| 00| 0 eng d | ||
| 035 | _a(Sirsi) u35145 | ||
| 041 | _aeng | ||
| 100 | _aEdwards, M. | ||
| 245 | _aSolicitors` premises in a new class | ||
| 260 | _c1994 | ||
| 350 | _a0 | ||
| 490 |
_aEstates Gazette _v(9439) 1 October 1994, 130-131(2) |
||
| 520 | _aUncertainty surrounds the planning classification of solicitors` high street offices. Discusses the implications of a recent test case, "Kalra v SoS Environment", which determined that such offices should be classified as B1 (Business) and not A2 (Financial and Professional Services). | ||
| 650 | _aCHANGE OF USE | ||
| 650 | _aCLASS A2 | ||
| 650 | _aCLASS B1 | ||
| 650 | _aDESIGNATION | ||
| 650 | _aFINANCIAL AND PROFESSIONAL SERVICES | ||
| 650 | _aPLANNING CONTROL | ||
| 650 | _aRE OXFORD CC AND ENDSLEIGH INSURANCE SERVICES LTD | ||
| 650 | _aSI 1987:764 | ||
| 650 | _aSOLICITORS OFFICES | ||
| 650 | _aTOWN AND COUNTRY PLANNING (USE CLASSES) ORDER 1987 | ||
| 650 | _aUSE CLASSES | ||
| 690 | _aPLANNING LAW AND PRACTICE | ||
| 942 | _n0 | ||
| 948 | _c04/03/1997 | ||
| 999 |
_c23059 _d23059 |
||